000 00476nam a2200193Ia 4500
005 20250423094749.0
008 250422s9999 xx 000 0 und d
020 _a9783031411199
050 _aQM 23.2 .L46/
100 _aLeo, Jonathan
245 0 _aClinical Anatomy and Embryology
250 _a2nd ed.
260 _aSwitzerland
260 _bSpringer
260 _c2023
300 _a376 p
650 _aAnatomy MEDICAL / Anatomy MEDICAL / Histology
942 _cBK
999 _c28223
_d28223